|
|
|
|
| LEADER |
00000nas a2200000 a 4500 |
| 001 |
ssj0000502638 |
| 003 |
WaSeSS |
| 005 |
20200512172242.0 |
| 006 |
m d |
| 007 |
cr n |
| 008 |
101105c20109999dcudr s | a0eng |
| 010 |
|
|
|a 2010203490
|
| 022 |
|
|
|a 2158-3870
|y 2158-3862
|
| 035 |
|
|
|a (WaSeSS)ssj0000502638
|
| 037 |
|
|
|b Atlantic Media Group, 600 New Hampshire Ave., NW, Washington DC 20037
|
| 040 |
|
|
|a DLC
|b eng
|c DLC
|d DLC
|d DOS
|d OCLCQ
|d OCLCF
|d OCL
|d DOS
|d OCLCQ
|d OCLCA
|d OCL
|d WT2
|d OCLCA
|d OCLCQ
|d UUM
|d OCLCQ
|d OCLCO
|d AU@
|d VT2
|d OCLCA
|d OCLCQ
|d OCLCO
|d CNMTR
|d OCLCQ
|d WaSeSS
|
| 042 |
|
|
|a pcc
|a nsdp
|
| 043 |
|
|
|a n-us---
|
| 050 |
|
4 |
|a KF4935.A15
|b N38
|
| 082 |
1 |
0 |
|a 342.73
|2 14
|
| 222 |
|
0 |
|a National journal daily
|b (Online)
|
| 245 |
0 |
0 |
|a National journal daily
|h [electronic resource].
|
| 246 |
1 |
|
|a Nationaljournaldaily
|
| 246 |
1 |
|
|a National journal daily PM update
|
| 246 |
1 |
|
|a National journal daily AM
|
| 246 |
1 |
|
|a National journal's 11:30 extra
|f <Nov. 10, 2011->
|
| 246 |
1 |
|
|a NJ daily
|f <Nov. 10, 2011->
|
| 260 |
|
|
|a Washington, D.C. :
|b National Journal Group, Inc.
|
| 310 |
|
|
|a Daily (Mon.-Fri., while Congress is in session)
|
| 362 |
1 |
|
|a Began with Oct. 26, 2010.
|
| 506 |
|
|
|a License restrictions may limit access.
|
| 588 |
0 |
|
|a Oct. 26, 2010; title from banner (nationaljournal.com website, viewed Nov. 5, 2010).
|
| 588 |
1 |
|
|a October 16, 2015 (nationaljournal.com website, viewed October 16, 2015).
|
| 610 |
1 |
0 |
|a United States.
|b Congress
|v Periodicals.
|
| 610 |
1 |
7 |
|a United States.
|b Congress.
|2 fast
|0 (OCoLC)fst00529490
|
| 648 |
|
7 |
|a 2009-2017
|2 fast
|
| 650 |
|
0 |
|a Legislation
|z United States
|v Periodicals.
|
| 650 |
|
7 |
|a Legislation.
|2 fast
|0 (OCoLC)fst00995636
|
| 650 |
|
7 |
|a Politics and government
|2 fast
|0 (OCoLC)fst01919741
|
| 651 |
|
0 |
|a United States
|x Politics and government
|y 2009-2017
|v Periodicals.
|
| 651 |
|
7 |
|a United States.
|2 fast
|0 (OCoLC)fst01204155
|
| 655 |
|
0 |
|a Electronic journals.
|
| 776 |
0 |
8 |
|i Print version:
|t National journal daily
|x 2158-3862
|w (DLC) 2010203489
|w (OCoLC)672278307
|
| 780 |
0 |
0 |
|t National journal's Congress daily (Online)
|x 1936-6132
|w (DLC) 2002242006
|w (OCoLC)45175012
|
| 856 |
4 |
0 |
|z Full text available from Research Library: 10/26/2010 to 1 day ago
|u https://search.proquest.com/publication/55033
|
| 856 |
4 |
0 |
|z Full text available from Research Library: 10/26/2010 to 02/28/2013
|u https://search.proquest.com/publication/55034
|